000 00375 a2200169 4500
001 189640
020 _a978-85-7208-745-2
040 _cMagnum
100 _aSypriano, Lilian
240 1 0 _aTomás, um leva e traz
_lpor
245 1 0 _aTomás, um leva e traz
300 _a31
362 0 _a2011
440 1 _aFormato
697 _aLITERATURA INFANTO-JUVENIL
942 _cBK
999 _c189640
_d189640